| 000 | 00649nam a2200241Ia 4500 | ||
|---|---|---|---|
| 003 | OSt | ||
| 005 | 20221007101445.0 | ||
| 006 | a|||||r|||| 00| 0 | ||
| 007 | ta | ||
| 008 | 221006b |||||||| |||| 00| 0 eng d | ||
| 024 | _a6,500 | ||
| 037 | _cTextual | ||
| 040 |
_aLCO _cLCO _beng |
||
| 041 |
_2eng _aeng |
||
| 082 | _aV1N4:511: (Z), K9;1 | ||
| 100 | _aFAWCETT J E S | ||
| 245 | 0 | _aApplication of European convention of Human Rights. | |
| 260 |
_aOxford _bClarendon Press _c1969 |
||
| 300 | _a368 | ||
| 650 | _aHUMAN RIGHTS | ||
| 942 |
_hV1N4:511: (Z), K9;1 _cTEXL |
||
| 999 |
_c1176063 _d1176063 |
||